|
|
|
|
| LEADER |
02099nam a2200445 a 4500 |
| 001 |
000930315 |
| 003 |
CZ BrMZK |
| 005 |
20090323130844.0 |
| 007 |
ta |
| 008 |
090212s2007 xr a d p 000 0 cze |
| 020 |
|
|
|a 978-80-87140-02-4
|q (brož.)
|
| 040 |
|
|
|a BOA001
|b cze
|
| 072 |
|
7 |
|a 628
|x Sanitární technika. Vodárenství. Odpadové hospodářství. Světelná technika
|2 Konspekt
|9 19
|
| 072 |
|
7 |
|a 37.016
|x Učební osnovy. Vyučovací předměty. Učebnice
|2 Konspekt
|9 22
|
| 080 |
|
|
|a 628.31/.35
|2 MRF
|
| 080 |
|
|
|a (075.3)
|2 MRF
|
| 080 |
|
|
|a (075.8)
|2 MRF
|
| 245 |
0 |
0 |
|a Osoba oprávněná k provozování vodovodů a kanalizací.
|p Kanalizace - čištění odpadních vod /
|c [autoři Jan Bindzar ... et al.]
|
| 246 |
3 |
0 |
|a Kanalizace - čištění odpadních vod
|
| 246 |
3 |
0 |
|a Čištění odpadních vod
|
| 250 |
|
|
|a Vyd. 1.
|
| 260 |
|
|
|a Líbeznice :
|b Pro Vyšší odbornou školu stavební a Střední školu stavební Vysoké Mýto vydalo vydavatelství Medim,
|c 2007
|
| 300 |
|
|
|a 124 s. :
|b il. ;
|c 30 cm
|
| 490 |
1 |
|
|a Učební text ;
|v 6
|
| 500 |
|
|
|a Na obálce nad názvem: Evropský sociální fond v ČR
|
| 500 |
|
|
|a Na obálce pod názvem: Campus Veolia Environnement, Institut environmentálních služeb
|
| 504 |
|
|
|a Obsahuje bibliografie
|
| 650 |
0 |
7 |
|a čištění odpadních vod
|7 ph128183
|2 czenas
|
| 655 |
|
7 |
|a učebnice středních škol
|7 fd133771
|2 czenas
|
| 655 |
|
7 |
|a učebnice vyšších odborných škol
|7 fd133139
|2 czenas
|
| 700 |
1 |
|
|a Bindzar, Jan,
|d 1973-
|7 mzk2008448533
|4 aut
|
| 710 |
2 |
|
|a Vyšší odborná škola stavební a Střední škola stavební (Vysoké Mýto, Česko)
|7 mzk2009490550
|
| 710 |
2 |
|
|a Evropský sociální fond
|7 kn20021211003
|
| 710 |
2 |
|
|a Veolia Environnement
|7 xx0068296
|
| 710 |
2 |
|
|a Institut environmentálních služeb
|7 kn20070628007
|
| 830 |
|
0 |
|a Učební text (Vyšší odborná škola stavební a Střední škola stavební Vysoké Mýto)
|
| 910 |
2 |
|
|a BOA001
|b 4-1219.455
|
| 990 |
|
|
|a BK
|
| 991 |
|
|
|b 200903
|c NOV
|
| 996 |
6 |
|
|b 2610368166
|c 4-1219.455
|l MZK
|r Sklad / do 1 hodiny
|n 1
|p p.v.
|w 000930315
|u 000010
|a 1
|e BOA001
|j MZK50
|s P
|